Statistics for All Pokemon Elite Four Members And Champions

Click here to take the quiz!

General Stats

  • This quiz has been taken 107 times
    (103 since last reset)
  • The average score is 30 of 39

Answer Stats

GameAnswer% Correct
R/B/YLance
97%
G/S/CLance
97%
R/B/YBlue
95%
B2/W2Iris
93%
R/B/YAgatha
92%
R/B/YBruno
92%
G/S/CBruno
92%
R/SSteven
92%
D/P/PCynthia
90%
G/S/CKoga
90%
R/B/YLorelei
87%
EWallace
85%
B/WAlder
83%
X/YDiantha
82%
D/P/PBertha
78%
G/S/CKaren
78%
G/S/CWill
78%
US/UM Default ChampionHau
77%
S/M Default ChampionKukui
77%
D/P/PLucian
77%
R/S/EPhoebe
77%
R/S/EDrake
75%
B/WShauntal
73%
D/P/PAaron
72%
D/P/PFlint
72%
R/S/EGlacia
72%
B/WGrimsley
70%
B/WMarshal
70%
R/S/ESidney
70%
B/WCaitlin
68%
S/MHala
67%
X/YMalva
67%
X/YSiebold
67%
X/YDrasna
65%
X/YWikstrom
63%
S/MAcerola
62%
S/MOlivia
62%
S/MKahili
52%
US/UMMolayne
38%

Score Distribution

Percentile by Number Answered

Percent of People with Each Score

Your Score History

You have not taken this quiz since the last reset